000 00226 a2200097 4500
001 20220
100 _aThieraf R J
245 _aDecision making through operations research
260 _a
_bJohn Wiley
_c
090 _c14791
_d14791
942 _aNUST-CAE
_cM
_c5326
999 _c255293
_d255293